000 00941nam0a22003131 4500
001 RU\NLR\A1SV\155744
005 20251203171251.9
035 _a(NLR Aleph) 012424457
090 _a11843298
_c11843298
100 _a20201215d1924 u y0rusy50 ca
101 0 _arus
102 _aRU
181 0 _ai
_baxxe
182 0 _an
200 1 _aОчерки по истории Белевской организации РКСМ
_fА.Сурмелев и Б.Колюцкий
203 _aТекст
_bвизуальный
_cнепосредственный
210 _aБелев
_cИстмол.
_d1924
215 _a36 с.
_d22 см
300 _aНа обл. изд-во: Белев. уком. РКСМ
620 _dБелев
700 1 _aСурмелев
_bА.
701 1 _aКолюцкий
_bБ.
801 0 _aRU
_bNLR
_c20201215
899 _aРГБ
899 _aРГБ
942 _cBOOK
980 _aNB
980 _aA1SV